Tvorivosť v prípadových štúdiách

Tvorivosť ako jeden zo základných predpokladov využívania aktivizujúcich vyučovacích metód u učiteľov a žiakov. Prípadová štúdia ako nástroj rozvoja tvorivosti žiakov. Prípadová štúdia ako metóda zaoberajúca sa riešením problémového prípadu odrážajúci nejakú reálnu udalosť. Požiadavky a prínosy tejt...

Descripción completa

Guardado en:
Detalles Bibliográficos
Autor principal: Orbánová, Darina
Formato: Capítulo de libro
Lenguaje:eslovaco
Materias:
Etiquetas: Agregar Etiqueta
Sin Etiquetas, Sea el primero en etiquetar este registro!

MARC

LEADER 00000naa$a2200000$$$4500
001 0268881
005 20240502074219.9
041 0 |a slo 
044 |a SK 
245 1 0 |a Tvorivosť v prípadových štúdiách  |c Darina Orbánová 
520 |a Tvorivosť ako jeden zo základných predpokladov využívania aktivizujúcich vyučovacích metód u učiteľov a žiakov. Prípadová štúdia ako nástroj rozvoja tvorivosti žiakov. Prípadová štúdia ako metóda zaoberajúca sa riešením problémového prípadu odrážajúci nejakú reálnu udalosť. Požiadavky a prínosy tejto metódy. 
610 2 0 |a štúdie prípadové 
610 2 0 |a vzdelávanie 
610 2 0 |a kreativita 
610 2 0 |a metódy 
100 1 |a Orbánová, Darina